00648nam a2200121Ia 4500008004100000020001800041100003600059245009600095260002200191650025600213650001200469856004500481171212s9999 xx 000 0 und d a9781925022346 aBoucher, Leigh;Russell, Lynette cBoucher, Leigh;Russell, LynetteaSettler Colonial Governance in Nineteenth-Century Victoria bANU E Pressc2015 aAboriginal Australians -- Victoria -- Government relations -- History; Aboriginal Australians -- Government policy -- Victoria -- History; Aboriginal Australians, Treatment of -- Victoria -- History; Victoria -- Politics and government -- 19th century aHistory uhttp://www.jstor.org/stable/j.ctt1657v4w